[Event "20th EUR-ch"]
[Site "Skopje MKD"]
[Date "2019.03.18"]
[Round "1"]
[White "Goganov, Aleksey"]
[Black "Borsuk, Konstantin"]
[Result "1/2-1/2"]
[WhiteElo "2610"]
[BlackElo "2346"]
[EventDate "2019.03.18"]
[Board "64"]
[PlyCount "112"]

1.d4 Nf6 2.c4 e6 3.Nf3 b6 4.g3 Bb7 5.Bg2 Be7 6.O-O O-O 7.Nc3 Ne4 8.Bd2 Bf6
9.Be1 Nxc3 10.Bxc3 Be4 11.Qa4 Qc8 12.Rac1 Qb7 13.Rfd1 a6 14.d5 Bxc3 15.
Rxc3 d6 16.Ne1 Bxg2 17.Nxg2 e5 18.e4 Qc8 19.Ne3 g6 20.Qc2 Nd7 21.b4 a5 22.
a3 axb4 23.axb4 Ra6 24.h4 Kg7 25.Kg2 h5 26.Qd3 Ra4 27.Rb1 Qa6 28.Rbb3 Nf6 
29.Ra3 Ra8 30.Nc2 Qc8 31.f3 Nd7 32.Rxa4 Rxa4 33.Ra3 Qa6 34.Qb3 Rxa3 35.
Nxa3 Nf6 36.Nb5 Ne8 37.Qa3 Qxa3 38.Nxa3 Kf8 39.f4 f5 40.Kf3 Ke7 41.Nb5 Kd7
42.Na7 Nf6 43.exf5 gxf5 44.Nc6 Ng4 45.Ke2 Ke8 46.fxe5 dxe5 47.c5 bxc5 48.
bxc5 Kf7 49.Kd3 Kf6 50.Na7 Ke7 51.Nb5 Kd8 52.d6 c6 53.Nc7 Kd7 54.Na6 Kc8 
55.Nb4 Kd7 56.Na6 Kc8 1/2-1/2

[Event "20th EUR-ch"]
[Site "Skopje MKD"]
[Date "2019.03.18"]
[Round "1"]
[White "Oboladze, Luka"]
[Black "Svane, Rasmus"]
[Result "0-1"]
[WhiteElo "2340"]
[BlackElo "2610"]
[EventDate "2019.03.18"]
[Board "65"]
[PlyCount "62"]

1.e4 e6 2.d4 d5 3.Nd2 c5 4.exd5 Qxd5 5.Ngf3 cxd4 6.Bc4 Qd7 7.O-O Nc6 8.Nb3
a6 9.Nbxd4 Nxd4 10.Nxd4 Qc7 11.Bb3 Bd6 12.h3 Ne7 13.Re1 O-O 14.c3 Ng6 15.
Qf3 b5 16.Bc2 Bb7 17.Be4 Bxe4 18.Qxe4 Qc4 19.h4 Ne7 20.h5 h6 21.a4 b4 22.
cxb4 Qxb4 23.b3 Bc5 24.Bb2 Rfd8 25.Nf3 Qb6 26.Re2 Nf5 27.Rc2 Rd5 28.Qc4 
Rc8 29.a5 Qd6 30.Qg4 Rd1+ 31.Ne1 Rd2 0-1

[Event "20th EUR-ch"]
[Site "Skopje MKD"]
[Date "2019.03.18"]
[Round "1"]
[White "Deac, Bogdan-Daniel"]
[Black "Paszewski, Mateusz"]
[Result "1-0"]
[WhiteElo "2609"]
[BlackElo "2340"]
[EventDate "2019.03.18"]
[Board "66"]
[PlyCount "77"]

1.e4 c5 2.Nf3 d6 3.d4 cxd4 4.Nxd4 Nf6 5.f3 Nc6 6.Nc3 g6 7.Be3 Bg7 8.Qd2 
O-O 9.O-O-O d5 10.exd5 Nxd5 11.Nxc6 bxc6 12.Bd4 Nxc3 13.Qxc3 Bh6+ 14.Be3 
Bxe3+ 15.Qxe3 Qb6 16.Qxe7 Be6 17.Bd3 c5 18.Rhe1 Rab8 19.b3 Rfd8 20.Qf6 Rd4
21.Re4 Rxe4 22.Bxe4 Qa5 23.Qe5 Rc8 24.Kb2 Qb6 25.Rd6 Qc7 26.Bd5 Bxd5 27.
Rxd5 Qc6 28.Qd6 Qb5 29.h4 Qe2 30.Rxc5 Rxc5 31.Qxc5 Qxg2 32.Qxa7 Qxf3 33.
Qd4 f5 34.a4 Qg4 35.Qd8+ Kf7 36.Qd7+ Kg8 37.a5 Qxh4 38.Qd6 f4 39.a6 1-0

[Event "20th EUR-ch"]
[Site "Skopje MKD"]
[Date "2019.03.18"]
[Round "1"]
[White "Mitsis, Georgios"]
[Black "Zhigalko, Sergei"]
[Result "1-0"]
[WhiteElo "2338"]
[BlackElo "2604"]
[EventDate "2019.03.18"]
[Board "67"]
[PlyCount "93"]

1.d4 Nf6 2.Nf3 e6 3.c4 b6 4.a3 Bb7 5.Nc3 d5 6.Qc2 Be7 7.cxd5 exd5 8.g3 O-O
9.Bg2 Nbd7 10.O-O Re8 11.Bf4 c6 12.Rad1 Nf8 13.Ne5 Ne6 14.Bc1 Bf8 15.f4 b5
16.e3 a5 17.g4 Nd7 18.f5 Nc7 19.Nxd7 Qxd7 20.e4 Rad8 21.Bg5 Rc8 22.Kh1 Na8
23.e5 Nb6 24.Be3 Nc4 25.Bg1 Ba6 26.Rfe1 Rb8 27.Ne2 b4 28.a4 b3 29.Qc1 Rb4 
30.Nf4 Rxa4 31.Nh5 Ra2 32.Qg5 Kh8 33.f6 g6 34.Nf4 Bc8 35.e6 fxe6 36.Nxg6+ 
hxg6 37.Rd3 Re7 38.fxe7 Qxe7 39.Qxg6 Qg7 40.Qe8 Bd7 41.Qb8 Kh7 42.Rh3+ Kg6
43.Qxb3 Rxb2 44.Qd3+ Kg5 45.Rh5+ Kf6 46.Rf1+ Ke7 47.Rh7 1-0

[Event "20th EUR-ch"]
[Site "Skopje MKD"]
[Date "2019.03.18"]
[Round "1"]
[White "Esipenko, Andrei"]
[Black "Murzin, Volodar"]
[Result "1-0"]
[WhiteElo "2603"]
[BlackElo "2337"]
[EventDate "2019.03.18"]
[Board "68"]
[PlyCount "63"]

1.e4 c6 2.d4 d5 3.e5 Bf5 4.Be3 e6 5.Nd2 Ne7 6.Ngf3 Bg6 7.Nh4 Nf5 8.Nxf5 
Bxf5 9.Be2 Be7 10.O-O O-O 11.c3 Nd7 12.g4 Bg6 13.f4 f6 14.f5 Bf7 15.Nf3 
Qb6 16.Qd2 Rae8 17.Kh1 c5 18.Bd3 Kh8 19.Rae1 fxe5 20.dxe5 exf5 21.gxf5 d4 
22.Bf4 Bd5 23.c4 Bc6 24.Kg1 Qb4 25.e6 Qxd2 26.Bxd2 Nb8 27.Ne5 Kg8 28.Bf4 
Bf6 29.Ng4 Bh4 30.Re2 b6 31.Bd6 Be7 32.f6 1-0

[Event "20th EUR-ch"]
[Site "Skopje MKD"]
[Date "2019.03.18"]
[Round "1"]
[White "Klabis, Rokas"]
[Black "Gordievsky, Dmitry"]
[Result "0-1"]
[WhiteElo "2333"]
[BlackElo "2603"]
[EventDate "2019.03.18"]
[Board "69"]
[PlyCount "80"]

1.e4 c5 2.Nf3 Nc6 3.Bb5 g6 4.Bxc6 bxc6 5.O-O Bg7 6.Re1 Nh6 7.c3 O-O 8.h3 
c4 9.Na3 d5 10.d3 cxd3 11.Qxd3 Bb7 12.Be3 Re8 13.Rad1 Qc8 14.exd5 cxd5 15.
Nb5 a6 16.Nbd4 Nf5 17.Nxf5 Qxf5 18.Qxf5 gxf5 19.Nd4 f4 20.Bc1 e5 21.Nf5 
Bf8 22.Re2 f6 23.g3 Bc8 24.Nh4 fxg3 25.fxg3 Bxh3 26.Rxd5 a5 27.Be3 Be6 28.
Rdd2 Bxa2 29.Rf2 Re6 30.b4 Bb1 31.bxa5 Rxa5 32.Rd8 Kf7 33.Nf3 Kg7 34.Nh2 
Be4 35.Ng4 f5 36.Rf1 Rg6 37.Bh6+ Rxh6 38.Nxh6 Bc5+ 39.Kh2 Ra2+ 40.Kh3 Bg2+
0-1

[Event "20th EUR-ch"]
[Site "Skopje MKD"]
[Date "2019.03.18"]
[Round "1"]
[White "Moussard, Jules"]
[Black "Lazov, Toni"]
[Result "1-0"]
[WhiteElo "2601"]
[BlackElo "2332"]
[EventDate "2019.03.18"]
[Board "70"]
[PlyCount "83"]

1.e4 c5 2.Nf3 d6 3.d4 Nf6 4.Nc3 cxd4 5.Nxd4 a6 6.a4 e5 7.Nf3 Qc7 8.Be3 Be7
9.a5 Nbd7 10.Be2 b5 11.axb6 Nxb6 12.Bxb6 Qxb6 13.Bb5+ Nd7 14.Nd5 Qb8 15.
Qe2 Bd8 16.Bxd7+ Bxd7 17.Rxa6 Rxa6 18.Qxa6 O-O 19.Qa3 f5 20.exf5 Bxf5 21.
Ne3 Be4 22.Nd2 Bc6 23.O-O d5 24.Qa2 Qb7 25.c4 dxc4 26.Ndxc4 Qf7 27.Qa6 Qe8
28.Nd6 Qd7 29.Rd1 Kh8 30.b4 Qc7 31.b5 Bd7 32.Ndc4 Bc8 33.Qc6 Qb8 34.b6 Bb7
35.Qd6 Bf6 36.Ng4 Qa8 37.Ncxe5 Bxe5 38.Nxe5 Bxg2 39.Qxf8+ Qxf8 40.Rd8 Qxd8
41.Nf7+ Kg8 42.Nxd8 1-0

[Event "20th EUR-ch"]
[Site "Skopje MKD"]
[Date "2019.03.18"]
[Round "1"]
[White "Radovanovic, Dusan"]
[Black "Solak, Dragan"]
[Result "0-1"]
[WhiteElo "2331"]
[BlackElo "2601"]
[EventDate "2019.03.18"]
[Board "71"]
[PlyCount "52"]

1.d4 d5 2.c4 c6 3.cxd5 cxd5 4.Bf4 Nc6 5.e3 Nf6 6.Nc3 Bf5 7.Qb3 Na5 8.Qa4+ 
Bd7 9.Qc2 e6 10.Nf3 Rc8 11.Bd3 Be7 12.O-O Nc6 13.a3 Nh5 14.Be5 f6 15.Bxh7 
fxe5 16.dxe5 Kf8 17.Rad1 Qc7 18.Qg6 Nxe5 19.Qxh5 Nxf3+ 20.gxf3 Be8 21.Qh3 
Bg6 22.Qxe6 Rxh7 23.f4 Bf7 24.Qg4 Rh4 25.Qg2 Qd7 26.Kh1 Rc6 0-1

[Event "20th EUR-ch"]
[Site "Skopje MKD"]
[Date "2019.03.18"]
[Round "1"]
[White "Bartel, Mateusz"]
[Black "Injac, Teodora"]
[Result "1-0"]
[WhiteElo "2600"]
[BlackElo "2329"]
[EventDate "2019.03.18"]
[Board "72"]
[PlyCount "63"]

1.e4 e6 2.d4 d5 3.Nc3 Nf6 4.e5 Nfd7 5.f4 c5 6.Nf3 Nc6 7.Be3 Be7 8.Qd2 O-O 
9.h4 b6 10.h5 h6 11.O-O-O f6 12.dxc5 Nxc5 13.Bb5 Bb7 14.exf6 Bxf6 15.Bxc6 
Bxc6 16.Bd4 Rc8 17.Qe3 Bxd4 18.Rxd4 Qf6 19.Ne5 Be8 20.g4 Nd7 21.Nf3 Nb8 
22.g5 hxg5 23.Nxg5 Nc6 24.Rd2 d4 25.Qd3 Qf5 26.Nce4 Rd8 27.h6 Nb4 28.Qc4 
Nd5 29.hxg7 Kxg7 30.Qxd4+ e5 31.Qxe5+ Kg6 32.Ne6 1-0

[Event "20th EUR-ch"]
[Site "Skopje MKD"]
[Date "2019.03.18"]
[Round "1"]
[White "Osmanodja, Filiz"]
[Black "Georgiev, Kiril"]
[Result "1-0"]
[WhiteElo "2326"]
[BlackElo "2595"]
[EventDate "2019.03.18"]
[Board "73"]
[PlyCount "127"]

1.e4 c5 2.Nf3 d6 3.d4 cxd4 4.Nxd4 Nf6 5.Nc3 a6 6.Be2 e6 7.f4 Qc7 8.Be3 Nc6
9.O-O Be7 10.Qe1 O-O 11.Kh1 Nxd4 12.Bxd4 b5 13.a3 Bb7 14.Qg3 Bc6 15.Rae1 
Qb7 16.Bd3 b4 17.axb4 Qxb4 18.Bxf6 Bxf6 19.e5 Be7 20.b3 dxe5 21.fxe5 Qh4 
22.Qxh4 Bxh4 23.Ra1 a5 24.Ne4 Be7 25.Nd6 g6 26.c4 f6 27.Be4 Bxe4 28.Nxe4 
fxe5 29.Rxf8+ Kxf8 30.c5 Rb8 31.Rxa5 Rxb3 32.g3 Rb4 33.Nd6 Bxd6 34.cxd6 
Rd4 35.Ra8+ Kf7 36.Ra7+ Kf6 37.Rxh7 Rxd6 38.Kg2 Kf5 39.Kf3 Rd3+ 40.Kf2 Ra3
41.Ke2 g5 42.h4 g4 43.Kf2 Rf3+ 44.Kg2 e4 45.Rh5+ Kf6 46.Rg5 e3 47.Rxg4 
Rf2+ 48.Kg1 Ke5 49.Rf4 Ra2 50.Kf1 Kd5 51.h5 e5 52.Rh4 e4 53.h6 Ra1+ 54.Ke2
Kd4 55.h7 Ra2+ 56.Kd1 Ra1+ 57.Kc2 Ra2+ 58.Kb1 Ra8 59.h8=Q+ Rxh8 60.Rxh8 e2
61.Rh1 Ke3 62.Kc2 Kf2 63.Kd2 e3+ 64.Kd3 1-0

[Event "20th EUR-ch"]
[Site "Skopje MKD"]
[Date "2019.03.18"]
[Round "1"]
[White "Antipov, Mikhail"]
[Black "Pastar, Slaven"]
[Result "1-0"]
[WhiteElo "2594"]
[BlackElo "2324"]
[EventDate "2019.03.18"]
[Board "74"]
[PlyCount "61"]

1.Nf3 d5 2.g3 c6 3.Bg2 Bg4 4.O-O Nd7 5.h3 Bh5 6.d4 e6 7.c4 Ngf6 8.cxd5 
cxd5 9.Nc3 Be7 10.Qb3 Qb6 11.Ne5 Qxb3 12.axb3 Nxe5 13.dxe5 Nd7 14.f4 Bg6 
15.f5 Bc5+ 16.Kh2 Bxf5 17.Nxd5 O-O 18.b4 exd5 19.Rxf5 Bxb4 20.Bxd5 Nc5 21.
e4 Ne6 22.Be3 Rac8 23.Rxa7 Rc2+ 24.Rf2 Rfc8 25.Rxb7 Be1 26.Rg2 h5 27.h4 g5
28.hxg5 h4 29.gxh4 Rxg2+ 30.Kxg2 Bxh4 31.g6 1-0

[Event "20th EUR-ch"]
[Site "Skopje MKD"]
[Date "2019.03.18"]
[Round "1"]
[White "Tsvetkov, Andrey"]
[Black "Huschenbeth, Niclas"]
[Result "0-1"]
[WhiteElo "2322"]
[BlackElo "2594"]
[EventDate "2019.03.18"]
[Board "75"]
[PlyCount "82"]

1.d4 Nf6 2.c4 e6 3.Nc3 Bb4 4.e3 b6 5.Ne2 Ne4 6.Bd2 Nxd2 7.Qxd2 O-O 8.a3 
Be7 9.Nf4 d6 10.Bd3 c6 11.O-O-O Nd7 12.Nh5 a6 13.Ng3 b5 14.h4 bxc4 15.Bxc4
d5 16.Bd3 c5 17.h5 Rb8 18.Bb1 cxd4 19.exd4 Qb6 20.f4 f5 21.Rhe1 Bxa3 22.
Re2 Bd6 23.h6 g6 24.Ba2 Nf6 25.Kb1 Bd7 26.Re5 Ba3 27.Re2 Rfc8 28.Ka1 Bb4 
29.Rc1 Qa5 30.Re3 Ba4 31.Rxe6 Bb3 32.Qe2 Bxc3 33.bxc3 Bc4 34.Qd2 Qa3 35.
Rc2 Ne4 36.Nxe4 dxe4 37.Qc1 Qa4 38.Re7 Rb5 39.Qd2 Rcb8 40.Qc1 Ra5 41.Qd2 
Qb3 0-1

[Event "20th EUR-ch"]
[Site "Skopje MKD"]
[Date "2019.03.18"]
[Round "1"]
[White "Donchenko, Alexander"]
[Black "Dedebas, Emre Emin"]
[Result "1-0"]
[WhiteElo "2593"]
[BlackElo "2319"]
[EventDate "2019.03.18"]
[Board "76"]
[PlyCount "61"]

1.Nf3 d5 2.g3 Nf6 3.Bg2 e6 4.O-O Be7 5.c4 O-O 6.b3 b6 7.Bb2 Bb7 8.e3 c5 9.
Nc3 dxc4 10.bxc4 Ne4 11.Ne5 Nxc3 12.Bxc3 Qc7 13.Qg4 Bf6 14.Be4 Bxe4 15.
Qxe4 Bxe5 16.Bxe5 Qc6 17.Qg4 f6 18.Bc3 Nd7 19.f4 Rae8 20.a4 e5 21.a5 exf4 
22.gxf4 Rf7 23.axb6 Nxb6 24.f5 Re4 25.Rf4 Rxf4 26.Qxf4 Re7 27.Kf2 Na4 28.
Ba5 Nb2 29.Qb8+ Qe8 30.Qxb2 Qh5 31.Qb8+ 1-0

[Event "20th EUR-ch"]
[Site "Skopje MKD"]
[Date "2019.03.18"]
[Round "1"]
[White "Rabatin, Jakub"]
[Black "Stocek, Jiri"]
[Result "1/2-1/2"]
[WhiteElo "2313"]
[BlackElo "2592"]
[EventDate "2019.03.18"]
[Board "77"]
[PlyCount "214"]

1.e4 e5 2.Nf3 Nc6 3.Bb5 a6 4.Ba4 g6 5.c3 Bg7 6.O-O b5 7.Bb3 d6 8.d4 exd4 
9.cxd4 Bg4 10.Be3 Na5 11.Nbd2 Nxb3 12.Qxb3 Ne7 13.h3 Bd7 14.d5 c5 15.dxc6 
Nxc6 16.Bf4 O-O 17.Rad1 Qf6 18.Qe3 Qxb2 19.Bxd6 Rfe8 20.Nb3 Be6 21.Rd2 Qc3
22.Rd3 Qf6 23.e5 Qd8 24.Re1 Bc4 25.Rdd1 Ne7 26.Nfd4 Rc8 27.Qg3 Qb6 28.Bb4 
Nd5 29.Bd2 b4 30.Rc1 a5 31.a4 bxa3 32.Bxa5 Qb8 33.Nd2 Bxe5 34.Qxa3 Bxd4 
35.Rxe8+ Rxe8 36.Nxc4 Qf4 37.Rf1 Re2 38.Qf3 Rxf2 39.Rxf2 Bxf2+ 40.Qxf2 
Qxc4 41.Bd2 Kg7 42.Kh2 h6 43.Qg1 g5 44.Qa1+ Kg6 45.Qa8 Ne7 46.Qd8 Nf5 47.
Qg8+ Ng7 48.Qd8 f6 49.Qe7 h5 50.Qd7 Qe4 51.Qc8 Qe5+ 52.Kh1 Qd5 53.Be3 Qe4 
54.Bf2 Ne8 55.Qc5 Ng7 56.Qc8 g4 57.hxg4 hxg4 58.Bg3 Ne8 59.Qc5 Qe6 60.Qd4 
Ng7 61.Qd3+ Nf5 62.Kh2 Kf7 63.Bf4 Qc8 64.Qd5+ Kg6 65.Qe4 Kf7 66.Qd3 Kg7 
67.Qd1 Ne7 68.Qd6 Kf7 69.Qd3 Ng6 70.Bg3 Qe6 71.Qd2 f5 72.Qh6 Qf6 73.Qh7+ 
Ke6 74.Qg8+ Ke7 75.Qc8 Nf8 76.Qc7+ Nd7 77.Qf4 Qh8+ 78.Kg1 Qa1+ 79.Kh2 Qf6 
80.Kg1 Qe6 81.Qc7 Qe3+ 82.Kh2 Qd4 83.Qf4 Qf6 84.Qc7 Qe6 85.Kg1 Kf7 86.Qd6 
Qe8 87.Bh4 Qe3+ 88.Kh2 Qe5+ 89.Qxe5 Nxe5 90.Kg3 Ke6 91.Bd8 Ng6 92.Bc7 Kd5 
93.Bb8 Ke4 94.Bc7 Ne5 95.Kf2 f4 96.Bb8 Nd3+ 97.Ke2 Nb4 98.Bd6 Nc2 99.Bc7 
Ne3 100.Kf2 Nd5 101.Bd6 g3+ 102.Kf1 Kd3 103.Bb8 Ke3 104.Ba7+ Kd2 105.Bc5 
Kd3 106.Bd6 Ne3+ 107.Kg1 Nd5 1/2-1/2

[Event "20th EUR-ch"]
[Site "Skopje MKD"]
[Date "2019.03.18"]
[Round "1"]
[White "Petrov, Nikita"]
[Black "Yordanov, Lachezar"]
[Result "1-0"]
[WhiteElo "2591"]
[BlackElo "2308"]
[EventDate "2019.03.18"]
[Board "78"]
[PlyCount "53"]

1.c4 Nf6 2.Nc3 e6 3.e4 d5 4.cxd5 exd5 5.e5 Ne4 6.Nf3 Nc6 7.Bb5 Bc5 8.d4 
Bb4 9.O-O Bxc3 10.bxc3 O-O 11.Qc2 f6 12.Bd3 f5 13.Rb1 Kh8 14.Ne1 Rb8 15.g3
Ng5 16.Ng2 g6 17.Bxg5 Qxg5 18.Nf4 Qd8 19.Qb3 Ne7 20.Qa3 Ra8 21.c4 dxc4 22.
Bxc4 c6 23.Rfd1 b5 24.Bb3 a5 25.d5 b4 26.Qb2 cxd5 27.e6+ 1-0

[Event "20th EUR-ch"]
[Site "Skopje MKD"]
[Date "2019.03.18"]
[Round "1"]
[White "Tate, Alan"]
[Black "Ter-Sahakian, Samvel"]
[Result "0-1"]
[WhiteElo "2306"]
[BlackElo "2590"]
[EventDate "2019.03.18"]
[Board "79"]
[PlyCount "56"]

1.e4 c6 2.c4 d5 3.cxd5 cxd5 4.exd5 Nf6 5.Qa4+ Nbd7 6.Nc3 g6 7.Bc4 Bg7 8.d3
O-O 9.Nf3 a6 10.Qa3 b6 11.O-O Bb7 12.h3 b5 13.Bb3 Nb6 14.d6 exd6 15.Ng5 d5
16.Qa5 d4 17.Nce4 Nxe4 18.Nxe4 Bxe4 19.dxe4 Nc4 20.Qb4 d3 21.Bxc4 bxc4 22.
Be3 Qc7 23.Rac1 Rfc8 24.b3 c3 25.Rfd1 Rd8 26.Bb6 Qb7 27.a4 c2 28.Rd2 Bb2 
0-1

[Event "20th EUR-ch"]
[Site "Skopje MKD"]
[Date "2019.03.18"]
[Round "1"]
[White "Can, Emre"]
[Black "Milosevic, Milos"]
[Result "1-0"]
[WhiteElo "2586"]
[BlackElo "2299"]
[EventDate "2019.03.18"]
[Board "80"]
[PlyCount "75"]

1.Nf3 Nf6 2.c4 e6 3.Nc3 d5 4.d4 a6 5.e3 dxc4 6.Bxc4 b5 7.Bd3 Bb7 8.O-O Be7
9.a3 Nbd7 10.b4 O-O 11.e4 Re8 12.h3 Nf8 13.Bf4 Ng6 14.Bg3 Nh5 15.Bh2 Nhf4 
16.Bc2 a5 17.Rb1 axb4 18.axb4 Bf6 19.Re1 e5 20.dxe5 Qxd1 21.Rexd1 Nxe5 22.
Bxf4 Nxf3+ 23.gxf3 Bxc3 24.Rd7 Bc6 25.Rxc7 Rec8 26.Rxc8+ Rxc8 27.Be3 Bd7 
28.Bd3 Bxh3 29.Bxb5 Rb8 30.Bf1 Bxf1 31.Kxf1 Rxb4 32.Rc1 Rc4 33.Ke2 Rc7 34.
Bf4 Rc5 35.Bd6 Rc4 36.Kd3 Rc6 37.Be5 Bxe5 38.Rxc6 1-0

[Event "20th EUR-ch"]
[Site "Skopje MKD"]
[Date "2019.03.18"]
[Round "1"]
[White "Petkov, Momchil"]
[Black "Azarov, Sergei"]
[Result "0-1"]
[WhiteElo "2296"]
[BlackElo "2585"]
[EventDate "2019.03.18"]
[Board "81"]
[PlyCount "154"]

1.d4 d5 2.Bf4 Nf6 3.e3 Bg4 4.Be2 Bxe2 5.Nxe2 e6 6.O-O c5 7.c4 Nc6 8.Nbc3 
dxc4 9.Qa4 a6 10.dxc5 Bxc5 11.Qxc4 Be7 12.Rfd1 Qa5 13.e4 O-O 14.a4 Rfd8 
15.h3 Qb6 16.Be3 Rxd1+ 17.Rxd1 Qxb2 18.e5 Nd5 19.Nxd5 exd5 20.Rxd5 Nxe5 
21.Qc7 Bf6 22.Ng3 Re8 23.Kh2 Qb3 24.Rd6 Qxa4 25.Qxb7 a5 26.Ra6 h6 27.Ne4 
Ng4+ 28.hxg4 Qxe4 29.Qxe4 Rxe4 30.Rxa5 Rxg4 31.Ra8+ Kh7 32.Ra7 Kg6 33.Ra6 
Rc4 34.g3 h5 35.Kg2 h4 36.gxh4 Rxh4 37.Kf3 Rc4 38.Rb6 Ra4 39.Rb5 Ba1 40.
Rc5 f6 41.Rb5 Be5 42.Rb7 Rc4 43.Ra7 Bc7 44.Rb7 f5 45.Rb5 Rh4 46.Rc5 Bd8 
47.Rc6+ Bf6 48.Bb6 Kh5 49.Be3 Re4 50.Bb6 Bh4 51.Rc5 g6 52.Rd5 Bf6 53.Be3 
Be5 54.Rd7 g5 55.Rd5 Kg6 56.Bc5 g4+ 57.Kg2 f4 58.f3 Re2+ 59.Kf1 gxf3 60.
Bd6 Bf6 61.Bxf4 Bh4 62.Rd1 Kf5 63.Bd6 Rf2+ 64.Kg1 Rc2 65.Bb8 Bf2+ 66.Kh1 
Kg4 67.Bh2 Be3 68.Rf1 Ra2 69.Bd6 Ra6 70.Bh2 Bf4 71.Rg1+ Kf5 72.Rf1 Ke4 73.
Re1+ Be3 74.Rf1 Rg6 75.Rb1 f2 76.Ra1 Kf3 77.Be5 Rg1+ 0-1

[Event "20th EUR-ch"]
[Site "Skopje MKD"]
[Date "2019.03.18"]
[Round "1"]
[White "Nikolov, Momchil"]
[Black "Chittka, Julius"]
[Result "1-0"]
[WhiteElo "2584"]
[BlackElo "2288"]
[EventDate "2019.03.18"]
[Board "82"]
[PlyCount "103"]

1.e4 c5 2.Nf3 Nc6 3.d4 cxd4 4.Nxd4 Nf6 5.Nc3 e5 6.Ndb5 d6 7.Bg5 a6 8.Na3 
b5 9.Nd5 Be7 10.Bxf6 Bxf6 11.c3 Rb8 12.Nc2 O-O 13.Be2 Bg5 14.O-O Be6 15.
Ncb4 Nxb4 16.Nxb4 Qb6 17.a4 a5 18.Nd5 Bxd5 19.Qxd5 bxa4 20.Rfb1 Rbc8 21.
Rxa4 Rxc3 22.Rxa5 Rc2 23.Rb5 Qa7 24.Rb7 Qd4 25.Qxd4 exd4 26.Kf1 Rfc8 27.
Bd3 R2c7 28.Rb4 Bf6 29.Ke2 Re8 30.Kf3 Ra8 31.Ra1 Rd8 32.Ra5 Rc5 33.Ra7 d5 
34.exd5 Rcxd5 35.Rbb7 Rf8 36.b4 Rc8 37.Rc7 Rxc7 38.Rxc7 Bd8 39.Rb7 Kf8 40.
Ke4 Rd6 41.b5 Ke8 42.f4 g6 43.Bc4 Rd7 44.Rxd7 Kxd7 45.Bxf7 Kd6 46.Kxd4 
Bf6+ 47.Ke4 Bd8 48.g4 Ke7 49.Bc4 h6 50.h4 Bb6 51.g5 hxg5 52.hxg5 1-0

[Event "20th EUR-ch"]
[Site "Skopje MKD"]
[Date "2019.03.18"]
[Round "1"]
[White "Antova, Gabriela"]
[Black "Huzman, Alexander"]
[Result "0-1"]
[WhiteElo "2286"]
[BlackElo "2582"]
[EventDate "2019.03.18"]
[Board "83"]
[PlyCount "68"]

1.d4 d5 2.c4 c6 3.Nf3 Nf6 4.Nc3 e6 5.e3 Nbd7 6.Qc2 Bd6 7.Bd3 O-O 8.O-O Re8
9.b3 Qe7 10.Bb2 e5 11.Be2 e4 12.Nd2 a6 13.Rac1 Nf8 14.Rfe1 Ng6 15.Nf1 Nh4 
16.Qd1 g6 17.a4 h5 18.f4 exf3 19.Bxf3 Bg4 20.Bxg4 hxg4 21.Kh1 Rad8 22.Rc2 
Nf5 23.Rce2 Bb4 24.c5 Ne4 25.Nxe4 Qxe4 26.Nd2 Bxd2 27.Qxd2 Re7 28.Kg1 Rde8
29.Bc1 Kg7 30.b4 f6 31.Rf1 g3 32.Rf3 gxh2+ 33.Kxh2 Rh8+ 34.Kg1 Nxd4 0-1

[Event "20th EUR-ch"]
[Site "Skopje MKD"]
[Date "2019.03.18"]
[Round "1"]
[White "Santos Latasa, Jaime"]
[Black "Ibanez Aullana, Ramon"]
[Result "1/2-1/2"]
[WhiteElo "2582"]
[BlackElo "2283"]
[EventDate "2019.03.18"]
[Board "84"]
[PlyCount "128"]

1.e4 e5 2.Bc4 Nf6 3.d3 Bc5 4.Nf3 Nc6 5.O-O a6 6.c3 Ba7 7.a4 d6 8.Re1 h6 9.
Na3 O-O 10.Nc2 Be6 11.Bxe6 fxe6 12.Be3 Qe7 13.b4 Qf7 14.b5 Bxe3 15.Nxe3 
Na5 16.Rf1 b6 17.Nd2 g5 18.Qe2 Qg7 19.d4 Nd7 20.Qd3 Rf7 21.Nec4 Nxc4 22.
Qxc4 axb5 23.axb5 Rxa1 24.Rxa1 exd4 25.cxd4 e5 26.Qxc7 Qf6 27.Rf1 exd4 28.
Qc4 Nc5 29.Qd5 Qf4 30.Qxd4 Qe5 31.Qxe5 dxe5 32.f3 Rd7 33.Nc4 Rd4 34.Nxb6 
Rb4 35.Rd1 Rxb5 36.Nc4 Ne6 37.Rd5 Rb1+ 38.Kf2 Rc1 39.Ne3 Nf4 40.Rd2 Rc6 
41.g3 Ng6 42.Nf5 h5 43.Ke2 Ra6 44.Rd8+ Kf7 45.Rd7+ Ke6 46.Rd2 Kf7 47.Nd6+ 
Ke6 48.Nc4 Rc6 49.Kd3 Ra6 50.Rb2 Ra1 51.Rb6+ Kf7 52.Nd6+ Ke7 53.Nb7 Nf8 
54.Rh6 Ra3+ 55.Kc4 h4 56.gxh4 gxh4 57.Rxh4 Rxf3 58.Rh6 Kf7 59.Nd8+ Kg7 60.
Rd6 Re3 61.Kd5 Rd3+ 62.Kc6 Rd4 63.Ne6+ Nxe6 64.Rxe6 Rxe4 1/2-1/2

[Event "20th EUR-ch"]
[Site "Skopje MKD"]
[Date "2019.03.18"]
[Round "1"]
[White "Sokolovsky, Yahli"]
[Black "Yuffa, Daniil"]
[Result "0-1"]
[WhiteElo "2278"]
[BlackElo "2582"]
[EventDate "2019.03.18"]
[Board "85"]
[PlyCount "68"]

1.e4 c5 2.Nf3 d6 3.Bb5+ Nd7 4.O-O a6 5.Bd3 Ngf6 6.c3 b5 7.a4 Bb7 8.axb5 
axb5 9.Rxa8 Qxa8 10.Bxb5 Bxe4 11.d4 Bxb1 12.dxc5 Be4 13.Re1 e6 14.Bg5 Bc6 
15.Nd4 Bxb5 16.Nxb5 Qa5 17.c4 Nxc5 18.Re3 Be7 19.Bxf6 Bxf6 20.Nxd6+ Kf8 
21.Ra3 Qd8 22.b4 Ne4 23.Rd3 Nxd6 24.Rxd6 Qb8 25.b5 g6 26.Qd3 Kg7 27.c5 Qa7
28.c6 Rb8 29.g3 Qc5 30.Rd7 Rxb5 31.c7 Rb7 32.Qf3 Rb1+ 33.Kg2 Re1 34.h3 Qf5
0-1

[Event "20th EUR-ch"]
[Site "Skopje MKD"]
[Date "2019.03.18"]
[Round "1"]
[White "Wagner, Dennis"]
[Black "Unuk, Laura"]
[Result "1-0"]
[WhiteElo "2580"]
[BlackElo "2266"]
[EventDate "2019.03.18"]
[Board "86"]
[PlyCount "101"]

1.Nf3 Nf6 2.g3 d5 3.Bg2 e6 4.O-O Be7 5.c4 O-O 6.b3 b6 7.Bb2 Bb7 8.cxd5 
exd5 9.d4 c5 10.Nc3 Re8 11.Rc1 Nbd7 12.e3 Rc8 13.Re1 Nf8 14.Re2 Ne6 15.Rd2
c4 16.bxc4 Rxc4 17.Ne5 Rc8 18.Qb3 Qd6 19.Rdc2 Nc7 20.Bh3 Rcd8 21.a4 a6 22.
Nb1 Na8 23.Ba3 Qb8 24.Bxe7 Rxe7 25.Nd2 h6 26.Ndf3 Ne4 27.Nc6 Bxc6 28.Rxc6 
Qb7 29.Bc8 Qa7 30.a5 Ree8 31.Ne5 Nd6 32.axb6 Nxb6 33.Rxb6 Rxc8 34.Rxc8 
Nxc8 35.Rb7 Qa8 36.Rb8 Qa7 37.Rb7 Qa8 38.Nxf7 Re7 39.Rb8 Qc6 40.Ne5 Qe6 
41.e4 Rc7 42.exd5 Qd6 43.h4 h5 44.Ra8 Kh7 45.Qd3+ g6 46.Rxa6 Nb6 47.Nxg6 
Qxg6 48.Qxg6+ Kxg6 49.Rxb6+ Kf5 50.Rh6 Kg4 51.Kg2 1-0

[Event "20th EUR-ch"]
[Site "Skopje MKD"]
[Date "2019.03.18"]
[Round "1"]
[White "Ozenir, Ekin Baris"]
[Black "Hracek, Zbynek"]
[Result "0-1"]
[WhiteElo "2265"]
[BlackElo "2578"]
[EventDate "2019.03.18"]
[Board "87"]
[PlyCount "56"]

1.d4 e6 2.c4 Nf6 3.Nc3 Bb4 4.e3 O-O 5.Bd3 d5 6.Ne2 b6 7.a3 Be7 8.cxd5 exd5
9.b4 c6 10.Bb2 Ba6 11.Rc1 Bxd3 12.Qxd3 b5 13.O-O Nbd7 14.Nb1 Rc8 15.Nd2 
Nb6 16.Ng3 Bd6 17.Rfe1 Nc4 18.Nxc4 bxc4 19.Qf5 Qc7 20.Nf1 a5 21.bxa5 Rb8 
22.Bc3 Bxa3 23.Ra1 Rb3 24.Rxa3 Rxa3 25.Bb4 Rxa5 26.Qe5 Qa7 27.Bc5 Qa8 28.
Bxf8 Kxf8 {(...)} 0-1

[Event "20th EUR-ch"]
[Site "Skopje MKD"]
[Date "2019.03.18"]
[Round "1"]
[White "Maze, Sebastien"]
[Black "Protopopova, Anastasiya"]
[Result "1-0"]
[WhiteElo "2578"]
[BlackElo "2263"]
[EventDate "2019.03.18"]
[Board "88"]
[PlyCount "129"]

1.c4 e5 2.Nc3 Nf6 3.Nf3 Nc6 4.e3 Bb4 5.Qc2 Bxc3 6.Qxc3 Qe7 7.a3 a5 8.b3 
O-O 9.Bb2 d6 10.h3 Bf5 11.d3 Rfe8 12.g4 Be6 13.Bg2 Nd7 14.Nd2 f6 15.O-O f5
16.gxf5 Bxf5 17.f4 Rf8 18.Rf3 exf4 19.exf4 Nf6 20.Rg3 Nh5 21.Rf3 Rf6 22.d4
Rg6 23.Raf1 Rf8 24.d5 Nb8 25.Kh2 b6 26.Qe3 Qf7 27.Re1 Nd7 28.b4 axb4 29.
axb4 b5 30.Qd4 Qf6 31.Qxf6 Ndxf6 32.Rf2 bxc4 33.Nxc4 Rb8 34.Na5 Re8 35.
Rxe8+ Nxe8 36.Nc6 Kf8 37.Nd4 Bd7 38.f5 Rh6 39.Ne6+ Bxe6 40.fxe6+ Nhf6 41.
Rf4 Ke7 42.Bf3 g5 43.Rd4 g4 44.Bg2 Rh5 45.Rd3 gxh3 46.Bf3 Rh4 47.Rd4 Rh6 
48.b5 Rg6 49.Kxh3 Rg5 50.Kh2 Rf5 51.Kg2 Ng7 52.Bc3 Re5 53.Kf2 Rf5 54.Ba5 
Kd8 55.Bd2 h5 56.Bf4 Ng4+ 57.Kg3 Nf6 58.Bd2 Re5 59.Rf4 Rf5 60.Bg2 Ng4 61.
Rf3 Rxf3+ 62.Bxf3 Ke7 63.Bg5+ Ke8 64.Bxg4 hxg4 65.Kxg4 1-0

[Event "20th EUR-ch"]
[Site "Skopje MKD"]
[Date "2019.03.18"]
[Round "1"]
[White "Martic, Zlatko"]
[Black "Paichadze, Luka"]
[Result "0-1"]
[WhiteElo "2261"]
[BlackElo "2576"]
[EventDate "2019.03.18"]
[Board "89"]
[PlyCount "70"]

1.e4 c6 2.d4 d5 3.Nc3 a6 4.Nf3 Bg4 5.Be2 e6 6.O-O Nf6 7.exd5 Bxf3 8.Bxf3 
cxd5 9.Re1 Be7 10.Ne2 O-O 11.Nf4 Nc6 12.c3 Rc8 13.a4 Na5 14.Nd3 Nc4 15.Bf4
b6 16.Qe2 h6 17.h3 Re8 18.Ne5 Bd6 19.g4 Nd7 20.Nd3 Nf8 21.Bxd6 Qxd6 22.Ne5
b5 23.axb5 axb5 24.Ra7 Nxe5 25.dxe5 Qb8 26.Ra5 Rc5 27.Qe3 Rc4 28.g5 hxg5 
29.Qxg5 b4 30.Re3 bxc3 31.bxc3 Rec8 32.Ra3 Qb2 33.Ra7 R4c7 34.Ra4 Rxc3 35.
Rg4 Ng6 0-1